|
|
|
|
| LEADER |
00902aam a22002538a 4500 |
| 001 |
00041548 |
| 005 |
20180524090556.0 |
| 008 |
120403s2007 ||||||viesd |
| 020 |
# |
# |
|c 25000
|
| 041 |
0 |
# |
|a vie
|
| 082 |
1 |
4 |
|a 959.704
|b C514KH
|
| 100 |
1 |
# |
|a Phạm, Thanh Biền
|e Chủ biên
|
| 245 |
1 |
0 |
|a Cuộc khởi nghĩa Trà Bồng và miền Tây Quảng Ngãi
|c Phạm Thanh Biền, Nguyễn Hữu Nghĩa (ch.b)
|
| 260 |
# |
# |
|a Hà Nội
|b Quân đội nhân dân
|c 2004
|
| 300 |
# |
# |
|a 183 tr.
|c 21 cm.
|
| 653 |
# |
# |
|a Khởi nghĩa Trà Bồng
|
| 653 |
# |
# |
|a Việt Nam
|
| 653 |
# |
# |
|a Quảng Ngãi
|
| 653 |
# |
# |
|a Lịch sử
|
| 653 |
# |
# |
|a Nhân vật lịch sử
|
| 700 |
1 |
# |
|a Nguyễn, Hữu Nghĩa
|e Chủ biên
|
| 852 |
# |
# |
|j KD.0023678
|
| 910 |
|
|
|d 24/05/2018
|
| 980 |
# |
# |
|a Trung tâm Học liệu Lê Vũ Hùng, Trường Đại học Đồng Tháp
|